Loading...
| Religion | 0 | 6 | 2 | 0 | 50 | 13 | 62.17 | 1 | 1 | 20.82 | 31.66 |
| History - World | 0 | 5 | 1 | 0 | 45 | 15 | 50.80 | 2 | 5 | 19.61 | 32.91 |
| History - European | 0 | 3 | 2 | 0 | 20 | 30 | 33.33 | 0 | 2 | 15.56 | 15.42 |
| History - Other | 0 | 2 | 0 | 0 | 20 | 75 | 79.00 | 0 | 0 | 4.73 | 6.70 |
| History - American | 0 | 1 | 0 | 0 | 10 | 52 | 52.00 | 0 | 1 | 4.02 | 6.41 |
| Mythology | 0 | 1 | 0 | 0 | 10 | 50 | 50.00 | 0 | 1 | 4.29 | 7.05 |
| Popular Culture | 0 | 1 | 0 | 0 | 10 | 59 | 59.00 | 0 | 0 | 8.04 | 5.56 |
| Literature - European | 0 | 0 | 0 | 0 | 0 | 0.00 | 0 | 0 | 0.00 | 0.00 | |
| Science - Biology | 0 | 0 | 1 | 0 | -5 | 0.00 | 0 | 0 | 0.00 | 0.00 | |
| Current Events | 0 | 0 | 2 | 0 | -10 | 0.00 | 0 | 0 | 0.00 | 0.00 |